[Event "Umraniye White Elephant 32nd"]
[Site "Umraniye"]
[Date "2023.10.28"]
[Round "5"]
[White "Portakalci, Yusuf"]
[Black "Nuri, Murad Kamil Oglu"]
[Result "0-1"]
[WhiteElo "1866"]
[BlackElo "2284"]
[PlyCount "130"]
[EventDate "2023.10.25"]
[EventType "swiss"]
[EventRounds "7"]
[EventCountry "TUR"]
[SourceTitle "Mega2024 Update 01"]
[Source "Chessbase"]
[SourceDate "2023.11.12"]
[SourceVersion "1"]
[SourceVersionDate "2023.11.12"]
[SourceQuality "1"]

1. d4 d6 2. Nf3 Bg4 3. Bf4 Nd7 4. Nbd2 Ngf6 5. h3 Bh5 6. Bh2 c5 7. c3 d5 8. e3 e6 9. Be2 Be7 10. 0-0 0-0 11. Ne5 Bxe2 12. Qxe2 Qb6 13. Rab1 Rac8 14. a3 Rfd8 15. Qd3 Nxe5 16. Bxe5 Qc6 17. Bxf6 Bxf6 18. Rfd1 Qa4 19. Rbc1 h6 20. f4 Rc7 21. Nf3 Rdc8 22. Rc2 b5 23. dxc5 Rxc5 24. g4 Qc4 25. Qxc4 Rxc4 26. Nd2 Ra4 27. Nb3 Kf8 28. Kf2 Ke7 29. Ke2 g5 30. fxg5 Bxg5 31. Nd4 a6 32. Kd3 h5 33. Rf2 hxg4 34. hxg4 Rh8 35. Rg1 Rh3 36. Nf3 f6 37. Nxg5 fxg5 38. b4 Rxa3 39. Rgf1 a5 40. bxa5 b4 41. Rf7+ Kd6 42. Rc1 bxc3 43. Ra7 c2+ 44. Kxc2 Rhxe3 45. a6 Re2+ 46. Kb1 Rb3+ 47. Ka1 Ra3+ 48. Kb1 Rb3+ 49. Ka1 Re4 50. Ka2 Rb6 51. Rc3 Rxg4 52. Ra3 Rg2+ 53. Ka1 Rg1+ 54. Ka2 Rgb1 55. Ra4 R6b2+ 56. Ka3 Ra1+ 57. Kxb2 Rxa4 58. Kb3 Ra1 59. Kb4 g4 60. Kb5 Rb1+ 61. Ka5 Kc6 62. Re7 Ra1+ 63. Kb4 Kd6 64. Ra7 g3 65. Kb5 g2 0-1

[Event "Umraniye White Elephant 32nd"]
[Site "Umraniye"]
[Date "2023.10.27"]
[Round "3"]
[White "Petriashvili, Nikoloz"]
[Black "Nuri, Murad Kamil Oglu"]
[Result "1/2-1/2"]
[WhiteElo "2472"]
[BlackElo "2284"]
[PlyCount "85"]
[EventDate "2023.10.25"]
[EventType "swiss"]
[EventRounds "7"]
[EventCountry "TUR"]
[SourceTitle "Mega2024 Update 01"]
[Source "Chessbase"]
[SourceDate "2023.11.12"]
[SourceVersion "1"]
[SourceVersionDate "2023.11.12"]
[SourceQuality "1"]

1. Nf3 Nf6 2. b3 d5 3. e3 Bf5 4. Bb2 e6 5. Be2 h6 6. c4 Nbd7 7. Nc3 c6 8. 0-0 a6 9. cxd5 cxd5 10. Rc1 Bh7 11. Na4 Bd6 12. b4 0-0 13. Nc5 Qb6 14. Nxd7 Nxd7 15. Qa4 Qd8 16. Qb3 Qe7 17. Qc3 e5 18. a3 Rfe8 19. Qb3 d4 20. exd4 e4 21. Ne5 Nxe5 22. dxe5 Bxe5 23. Bxe5 Qxe5 24. Rc5 Qd6 25. Bc4 Bg6 26. h4 Re5 27. Qe3 Rd8 28. d4 Rh5 29. Be2 Rd5 30. Rd1 h5 31. Rxd5 Qxd5 32. Qc3 b5 33. Qc5 f6 34. Kf1 Bf7 35. Qxd5 Rxd5 36. Ke1 Kf8 37. Kd2 Rd8 38. Rc1 Rxd4+ 39. Ke3 Rd6 40. Rc5 Bg6 41. a4 bxa4 42. Ra5 Rb6 43. Rxa4 1/2-1/2

[Event "Umraniye White Elephant 32nd"]
[Site "Umraniye"]
[Date "2023.10.26"]
[Round "2"]
[White "Nuri, Murad Kamil Oglu"]
[Black "Demirtas, Alper"]
[Result "1-0"]
[WhiteElo "2284"]
[BlackElo "2060"]
[PlyCount "81"]
[EventDate "2023.10.25"]
[EventType "swiss"]
[EventRounds "7"]
[EventCountry "TUR"]
[SourceTitle "Mega2024 Update 01"]
[Source "Chessbase"]
[SourceDate "2023.11.12"]
[SourceVersion "1"]
[SourceVersionDate "2023.11.12"]
[SourceQuality "1"]

1. e4 e6 2. d4 d5 3. Nc3 dxe4 4. Nxe4 Nd7 5. Nf3 Ngf6 6. Nxf6+ Nxf6 7. g3 c5 8. Bg2 cxd4 9. Qxd4 Qxd4 10. Nxd4 Bc5 11. Nb3 Bb6 12. a4 0-0 13. a5 Bc7 14. Be3 Rd8 15. 0-0 a6 16. Rfd1 Kf8 17. c4 Ke8 18. Bb6 Bxb6 19. axb6 Rxd1+ 20. Rxd1 Rb8 21. Nc5 Nd7 22. Nxd7 Bxd7 23. c5 a5 24. f4 a4 25. Kf2 Bb5 26. Ke3 Ke7 27. Rd6 h5 28. Kd4 g6 29. Kc3 Be8 30. Kb4 Bd7 31. Bf3 Be8 32. Be4 Bd7 33. h4 Be8 34. Bg2 Bd7 35. Bf3 Be8 36. Rd4 Bd7 37. c6 bxc6 38. Kc5 Ra8 39. b7 Ra5+ 40. Kb6 Rb5+ 41. Kc7 1-0

[Event "Istanbul Bagcilar op"]
[Site "Istanbul"]
[Date "2023.09.07"]
[Round "6"]
[White "Nuri, Murad Kamil Oglu"]
[Black "Abdisalimov, Abdimalik"]
[Result "1/2-1/2"]
[WhiteElo "2290"]
[BlackElo "2476"]
[PlyCount "74"]
[EventDate "2023.09.03"]
[EventType "swiss"]
[EventRounds "9"]
[EventCountry "TUR"]
[SourceTitle "EXT 2024"]
[Source "ChessBase"]
[SourceDate "2023.10.10"]
[SourceVersion "1"]
[SourceVersionDate "2023.10.10"]
[SourceQuality "1"]

1. d4 Nf6 2. c4 e6 3. Nf3 b6 4. a3 Bb7 5. Nc3 g6 6. Qc2 Bg7 7. e4 d6 8. h3 Nbd7 9. Be3 0-0 10. Bd3 c5 11. d5 Re8 12. 0-0 exd5 13. exd5 Rxe3 14. fxe3 Qe7 15. Qf2 Re8 16. Rae1 a6 17. a4 Bc8 18. Qh4 Ne5 19. Nxe5 Qxe5 20. Rf3 Qe7 21. Ref1 Nd7 22. Qxe7 Rxe7 23. Rf4 Be5 24. Kf2 f5 25. a5 bxa5 26. Ra1 Nf6 27. Rxa5 Rb7 28. Ra2 Rb4 29. Ke2 Bxf4 30. exf4 Nd7 31. Nd1 Nb6 32. Ne3 a5 33. Kd2 Ba6 34. Kc3 Na4+ 35. Kc2 Nb6 36. Kc3 Na4+ 37. Kc2 Nb6 1/2-1/2

[Event "Istanbul op"]
[Site "Istanbul"]
[Date "2023.08.27"]
[Round "2"]
[White "Rasulov, Vugar Ural Oglu"]
[Black "Nuri, Murad Kamil Oglu"]
[Result "1-0"]
[WhiteElo "2549"]
[BlackElo "2290"]
[PlyCount "95"]
[EventDate "2023.08.26"]
[EventType "swiss"]
[EventRounds "9"]
[EventCountry "TUR"]
[SourceTitle "EXT 2024"]
[Source "ChessBase"]
[SourceDate "2023.10.10"]
[SourceVersion "1"]
[SourceVersionDate "2023.10.10"]
[SourceQuality "1"]

1. c4 c5 2. Nc3 Nc6 3. Nf3 g6 4. e3 Bg7 5. d4 d6 6. Be2 Bg4 7. 0-0 Nf6 8. d5 Bxf3 9. Bxf3 Ne5 10. Be2 0-0 11. e4 Re8 12. Re1 e6 13. Bf1 exd5 14. cxd5 a6 15. a4 c4 16. h3 Rc8 17. Be3 Qa5 18. Bd4 Ned7 19. Qf3 Nh5 20. Bxg7 Kxg7 21. Qe3 Nhf6 22. Qd4 Nc5 23. Rad1 Nb3 24. Qe3 b5 25. axb5 axb5 26. f3 b4 27. Ne2 Nxd5 28. Qf2 Nf6 29. Nd4 Nxd4 30. Rxd4 d5 31. e5 Nd7 32. f4 b3 33. Kh2 c3 34. bxc3 Rxc3 35. Qd2 Qc7 36. Rxd5 Nf8 37. Rb1 Rb8 38. Bd3 Rb4 39. f5 gxf5 40. Qg5+ Ng6 41. Rd6 Qc5 42. Qf6+ Kh6 43. Rf1 Qe3 44. Rf3 Qg5 45. Qxf7 Rb8 46. Rxf5 Qe3 47. Rxg6+ hxg6 48. Rh5+ 1-0

[Event "Titled Tuesday intern op 22nd Sept"]
[Site "Chess.com INT"]
[Date "2020.09.22"]
[Round "2"]
[White "Nuri, Murad Kamil Oglu"]
[Black "Gabrielian, Artur"]
[Result "0-1"]
[WhiteElo "2290"]
[BlackElo "2463"]
[PlyCount "60"]
[EventDate "2020.09.22"]
[EventType "swiss (blitz)"]
[EventRounds "10"]
[EventCountry "USA"]
[SourceTitle "CBM 198 Extra"]
[Source "ChessBase"]
[SourceDate "2020.11.30"]
[SourceVersion "1"]
[SourceVersionDate "2020.11.30"]
[SourceQuality "1"]

1. e4 c5 2. Nc3 d6 3. Nf3 Nc6 4. d4 cxd4 5. Nxd4 Nf6 6. Bc4 Qb6 7. Nb3 e6 8. Be3 Qc7 9. Qe2 a6 10. f4 b5 11. Bd3 Be7 12. 0-0 0-0 13. g4 b4 14. Nd1 d5 15. e5 Ne4 16. Nf2 Bb7 17. Nxe4 dxe4 18. Bxe4 a5 19. g5 a4 20. Bxh7+ Kxh7 21. Qh5+ Kg8 22. Rf3 Nxe5 23. Rh3 f6 24. fxe5 Qc6 25. Qh7+ Kf7 26. Qh5+ g6 27. Qh7+ Ke8 28. Qxg6+ Kd7 29. Nc5+ Bxc5 30. Rh7+ Kc8 0-1

[Event "Titled Tuesday intern op 4th Aug 2pm"]
[Site "Chess.com INT"]
[Date "2020.08.04"]
[Round "2"]
[White "Nuri, Murad Kamil Oglu"]
[Black "Cooper, Aaron"]
[Result "0-1"]
[WhiteElo "2290"]
[BlackElo "1904"]
[PlyCount "70"]
[EventDate "2020.08.04"]
[EventType "swiss (blitz)"]
[EventRounds "10"]
[EventCountry "USA"]
[SourceTitle "CBM 197 Extra"]
[Source "ChessBase"]
[SourceDate "2020.09.30"]
[SourceVersion "1"]
[SourceVersionDate "2020.09.30"]
[SourceQuality "1"]

1. e4 d5 2. exd5 Nf6 3. Nf3 Bg4 4. h3 Bxf3 5. Qxf3 Qxd5 6. Qxd5 Nxd5 7. Bc4 Nb6 8. Bb3 Nc6 9. c3 a5 10. d4 a4 11. Bc2 e6 12. 0-0 Be7 13. Nd2 0-0 14. Ne4 h6 15. Bf4 Nd5 16. Bg3 f5 17. Nc5 Bxc5 18. dxc5 a3 19. b4 Nxc3 20. Bb3 Ne2+ 21. Kh2 Ncd4 22. Bxc7 Nxb3 23. axb3 Nd4 24. Be5 Nc2 25. Rac1 Nxb4 26. Rfd1 Rfd8 27. Rxd8+ Rxd8 28. Bd6 a2 29. Ra1 Ra8 30. Be5 Nc2 31. Rd1 a1Q 32. Bxa1 Nxa1 33. b4 Nc2 34. b5 Rc8 35. Rc1 Nb4 0-1

[Event "Titled Tuesday intern op 14th July"]
[Site "Chess.com INT"]
[Date "2020.07.14"]
[Round "5"]
[White "Murzin, Volodar"]
[Black "Nuri, Murad Kamil Oglu"]
[Result "1-0"]
[WhiteElo "2465"]
[BlackElo "2290"]
[PlyCount "93"]
[EventDate "2020.07.14"]
[EventType "swiss (blitz)"]
[EventRounds "10"]
[EventCountry "USA"]
[SourceTitle "CBM 197 Extra"]
[Source "ChessBase"]
[SourceDate "2020.09.30"]
[SourceVersion "1"]
[SourceVersionDate "2020.09.30"]
[SourceQuality "1"]

1. e4 c5 2. Nf3 f6 3. c3 d5 4. exd5 Qxd5 5. d4 Nc6 6. Be2 e6 7. 0-0 Bd7 8. c4 Qd6 9. d5 Ne5 10. Nc3 0-0-0 11. Ne4 Nxf3+ 12. Bxf3 Qe5 13. Re1 Qc7 14. Qc2 e5 15. Bd2 Nh6 16. Bxh6 gxh6 17. Nxf6 Kb8 18. Rad1 Bc8 19. Qc3 Bd6 20. Ne4 Rhf8 21. Nxd6 Rxd6 22. Qxe5 Rxf3 23. gxf3 Bh3 24. Kh1 a6 25. Qg3 Bf5 26. Re8+ Ka7 27. Rf8 Qd7 28. Re1 Bd3 29. b3 Bg6 30. Qf4 h5 31. Rf6 Rxf6 32. Qxf6 h4 33. Qe7 Qc8 34. Qe3 Bh5 35. f4 b6 36. d6 Qc6+ 37. Kg1 a5 38. f5 Ka6 39. d7 Qxd7 40. Qe6 Qg7+ 41. Kf1 Bf3 42. Re3 Qg2+ 43. Ke1 Qg1+ 44. Kd2 Qxf2+ 45. Kc3 Bd1 46. Qc8+ Ka7 47. Re7# 1-0

[Event "Titled Tuesday intern op 14th July"]
[Site "Chess.com INT"]
[Date "2020.07.14"]
[Round "4"]
[White "Nuri, Murad Kamil Oglu"]
[Black "Vaishali, Ramesh Babu"]
[Result "1-0"]
[WhiteElo "2290"]
[BlackElo "2393"]
[PlyCount "127"]
[EventDate "2020.07.14"]
[EventType "swiss (blitz)"]
[EventRounds "10"]
[EventCountry "USA"]
[SourceTitle "CBM 197 Extra"]
[Source "ChessBase"]
[SourceDate "2020.09.30"]
[SourceVersion "1"]
[SourceVersionDate "2020.09.30"]
[SourceQuality "1"]

1. e4 c5 2. Nf3 Nc6 3. d4 cxd4 4. Nxd4 Nf6 5. Nc3 d6 6. Bg5 e6 7. Qd2 a6 8. 0-0-0 Be7 9. f4 Bd7 10. Be2 h6 11. Bxf6 Bxf6 12. Nf3 Be7 13. g4 b5 14. a3 Qa5 15. Nd4 b4 16. axb4 Nxb4 17. Nb3 Na2+ 18. Nxa2 Qxa2 19. Qa5 Qxa5 20. Nxa5 0-0 21. Bf3 Rab8 22. Nc4 d5 23. exd5 exd5 24. Ne5 Be6 25. Bxd5 Bc5 26. Bxe6 Be3+ 27. Kb1 fxe6 28. Nd7 Bxf4 29. Nxf8 Rxf8 30. Rhe1 e5 31. Re2 Kf7 32. Rd6 Ra8 33. h4 a5 34. h5 a4 35. Ka2 Rc8 36. c3 Rc4 37. Rd7+ Kf6 38. Rd6+ Kg5 39. Rg6+ Kh4 40. Rxg7 e4 41. Rd7 e3 42. Rd4 Rxd4 43. cxd4 Kg3 44. d5 Kf3 45. Re1 e2 46. Ka3 Kf2 47. Rh1 e1Q 48. Rxe1 Kxe1 49. Kxa4 Kf2 50. Kb5 Kf3 51. Kc6 Kxg4 52. d6 Kxh5 53. b4 Kg4 54. d7 Bg5 55. b5 h5 56. b6 h4 57. b7 h3 58. b8Q Kf3 59. Qh2 Kg4 60. Qg1+ Kh4 61. Kc7 Bf4+ 62. Kc8 Bg5 63. d8Q Bxd8 64. Kxd8 1-0

[Event "Titled Tuesday intern op 9th June"]
[Site "Chess.com INT"]
[Date "2020.06.09"]
[Round "1"]
[White "Jumabayev, Rinat"]
[Black "Nuri, Murad Kamil Oglu"]
[Result "0-1"]
[WhiteElo "2654"]
[BlackElo "2290"]
[PlyCount "138"]
[EventDate "2020.06.09"]
[EventType "swiss (blitz)"]
[EventRounds "10"]
[EventCountry "USA"]
[SourceTitle "CBM 196 Extra"]
[Source "ChessBase"]
[SourceDate "2020.07.31"]
[SourceVersion "1"]
[SourceVersionDate "2020.07.31"]
[SourceQuality "1"]

1. d4 Nf6 2. c4 e6 3. Nf3 a6 4. Nc3 d5 5. cxd5 exd5 6. Bg5 Be6 7. e3 Nbd7 8. h3 Bd6 9. Bd3 h6 10. Bf4 Qe7 11. Qc2 0-0 12. 0-0 Rfe8 13. Rab1 c6 14. Rfe1 Nh5 15. Be5 Nhf6 16. Bxd6 Qxd6 17. b4 Rac8 18. a4 b5 19. a5 Rc7 20. Rec1 Nf8 21. Ne2 Bc8 22. Qc5 Qxc5 23. Rxc5 Ne6 24. Rc2 Ng5 25. Ne5 Bb7 26. Rbc1 Re6 27. Nf4 Rd6 28. f3 Nd7 29. Bf1 Ne6 30. Nfd3 f6 31. Nxd7 Rdxd7 32. h4 h5 33. g3 Re7 34. Bh3 Kf8 35. Kf2 Bc8 36. Bxe6 Rxe6 37. Nf4 Rd6 38. Nxh5 Bf5 39. Rc3 g5 40. g4 Bg6 41. hxg5 fxg5 42. Ng3 Kg7 43. Kg2 Kf6 44. Kf2 Re6 45. Kg2 Be8 46. Nf1 Rh7 47. Nd2 Ke7 48. Rc4 dxc4 49. Rc3 Reh6 50. Nf1 Bg6 51. e4 Bf7 52. Re3 Rh1 53. Re1 Be6 54. Re3 R1h6 55. Re1 Kd6 56. Re3 Rf7 57. Rc3 Rhf6 58. Ng3 Rf4 59. Nh5 Bxg4 60. Nxf4 Rxf4 61. fxg4 Rxe4 62. Kg3 Rxd4 63. Kf2 Rd3 64. Rc1 c5 65. bxc5+ Kxc5 66. Re1 Rd5 67. Re6 c3 68. Re8 Kb4 69. Rc8 Rc5 0-1

[Event "Istanbul op"]
[Site "Istanbul"]
[Date "2019.08.29"]
[Round "5"]
[White "Darban Vaighani, Morteza"]
[Black "Nuri, Murad Kamil Oglu"]
[Result "1/2-1/2"]
[WhiteElo "2280"]
[BlackElo "2291"]
[PlyCount "26"]
[EventDate "2019.08.26"]
[EventType "swiss"]
[EventRounds "9"]
[EventCountry "TUR"]
[SourceTitle "EXT 2020"]
[Source "ChessBase"]
[SourceDate "2019.10.17"]
[SourceVersion "1"]
[SourceVersionDate "2019.10.17"]
[SourceQuality "1"]

1. e4 e5 2. Nf3 Nf6 3. Nxe5 d6 4. Nf3 Nxe4 5. Qe2 Qe7 6. d3 Nf6 7. Bg5 Qxe2+ 8. Bxe2 Be7 9. Nc3 c6 10. 0-0-0 Nbd7 11. h3 0-0 12. Ne4 d5 13. Nxf6+ Bxf6 1/2-1/2

[Event "Istanbul op-A"]
[Site "Istanbul"]
[Date "2018.09.07"]
[Round "8"]
[White "Nuri, Murad Kamil Oglu"]
[Black "Tirak, Mert"]
[Result "1/2-1/2"]
[WhiteElo "2284"]
[BlackElo "1941"]
[PlyCount "116"]
[EventDate "2018.09.02"]
[EventType "swiss"]
[EventRounds "9"]
[EventCountry "TUR"]
[SourceTitle "CBM 186 Extra"]
[Source "ChessBase"]
[SourceDate "2018.08.24"]
[SourceVersion "1"]
[SourceVersionDate "2018.08.24"]
[SourceQuality "1"]

1. d4 Nf6 2. c4 e6 3. g3 d5 4. Nf3 c5 5. Bg2 b6 6. 0-0 Bb7 7. Qa4+ Qd7 8. Qc2 cxd4 9. Ne5 Qc7 10. Qa4+ Nbd7 11. cxd5 Bxd5 12. Bxd5 Nxd5 13. Nxd7 Qxd7 14. Qxd4 Nf6 15. Qc4 Rc8 16. Qa6 Bc5 17. Nc3 0-0 18. Bg5 Ng4 19. Rad1 Qc6 20. Qa4 Qxa4 21. Nxa4 h6 22. Bf4 e5 23. Bd2 Be7 24. Nc3 Rfd8 25. h3 Nf6 26. Be3 Rxd1 27. Rxd1 Bc5 28. Bxc5 Rxc5 29. Rd8+ Kh7 30. Kf1 Rc7 31. Ke1 Rd7 32. Rxd7 Nxd7 33. Kd2 f5 34. Nb5 a5 35. Nc7 g5 36. g4 Kg6 37. Nd5 fxg4 38. hxg4 Nf6 39. Nxf6 Kxf6 40. Kd3 b5 41. Ke4 Ke6 42. b3 a4 43. e3 a3 44. b4 Kd6 45. Kd3 Kd5 46. e4+ Ke6 47. f3 Kf6 48. Kc3 Kg6 49. Kb3 h5 50. gxh5+ Kxh5 51. Kxa3 g4 52. fxg4+ Kxg4 53. Kb3 Kf4 54. a4 bxa4+ 55. Kc4 a3 56. Kb3 Kxe4 57. b5 Kd5 58. Kxa3 Kc5 1/2-1/2

[Event "Istanbul op-A"]
[Site "Istanbul"]
[Date "2018.09.05"]
[Round "6"]
[White "Nuri, Murad Kamil Oglu"]
[Black "Aliakbarov, Anar Samir Oglu"]
[Result "1-0"]
[WhiteElo "2284"]
[BlackElo "2322"]
[PlyCount "117"]
[EventDate "2018.09.02"]
[EventType "swiss"]
[EventRounds "9"]
[EventCountry "TUR"]
[SourceTitle "CBM 186 Extra"]
[Source "ChessBase"]
[SourceDate "2018.08.24"]
[SourceVersion "1"]
[SourceVersionDate "2018.08.24"]
[SourceQuality "1"]

1. e4 e5 2. Nf3 Nf6 3. Nc3 Nc6 4. Bb5 Nd4 5. Bc4 Bc5 6. d3 d6 7. h3 c6 8. a3 b5 9. Ba2 Be6 10. Nxd4 Bxd4 11. Ne2 Bxa2 12. Rxa2 Bb6 13. Ng3 g6 14. Bh6 Qe7 15. Ra1 Nd7 16. Qg4 Qe6 17. Qf3 d5 18. 0-0 d4 19. Qd1 c5 20. a4 c4 21. axb5 Rc8 22. c3 Ke7 23. cxd4 exd4 24. Re1 cxd3 25. Qxd3 Ne5 26. Qa3+ Bc5 27. Qa4 Rhd8 28. Rad1 d3 29. Bg5+ f6 30. Be3 Bb6 31. Nf1 Rc4 32. Qa3+ Qd6 33. Bxb6 axb6 34. Qa7+ Rd7 35. Qa8 Rd8 36. Qa7+ Rc7 37. Qa2 Qe6 38. Qa3+ Kf7 39. Ne3 d2 40. Re2 Rc1 41. Rexd2 Rxd1+ 42. Rxd1 Rxd1+ 43. Nxd1 Nc4 44. Qa7+ Kg8 45. Nc3 Qd6 46. Nd5 f5 47. Qa2 Nd2 48. Nf6+ Kf8 49. Qg8+ Ke7 50. Nd5+ Kd7 51. Qxh7+ Kc8 52. Qg8+ Kd7 53. Qf7+ Kd8 54. exf5 Qe5 55. Qf8+ Kd7 56. Nf6+ Kc7 57. Qf7+ Kd6 58. Qd7+ Kc5 59. Qxd2 1-0

[Event "Istanbul op-A"]
[Site "Istanbul"]
[Date "2018.09.03"]
[Round "3"]
[White "Guven, Oguz Kagan"]
[Black "Nuri, Murad Kamil Oglu"]
[Result "1/2-1/2"]
[WhiteElo "2022"]
[BlackElo "2284"]
[PlyCount "31"]
[EventDate "2018.09.02"]
[EventType "swiss"]
[EventRounds "9"]
[EventCountry "TUR"]
[SourceTitle "CBM 186 Extra"]
[Source "ChessBase"]
[SourceDate "2018.08.24"]
[SourceVersion "1"]
[SourceVersionDate "2018.08.24"]
[SourceQuality "1"]

1. e4 c5 2. Nf3 Nf6 3. Nc3 Nc6 4. Bb5 Qc7 5. 0-0 d6 6. h3 a6 7. Bxc6+ Qxc6 8. e5 dxe5 9. Nxe5 Qd6 10. Re1 e6 11. d3 Be7 12. Bf4 Qd8 13. a4 0-0 14. Qf3 Nd5 15. Nxd5 exd5 16. Re2 1/2-1/2

[Event "Ankara Baskent Univ op-A 3rd"]
[Site "Ankara"]
[Date "2018.08.28"]
[Round "2"]
[White "Demir, Baran"]
[Black "Nuri, Murad Kamil Oglu"]
[Result "1/2-1/2"]
[WhiteElo "1898"]
[BlackElo "2313"]
[PlyCount "187"]
[EventDate "2018.08.27"]
[EventType "swiss"]
[EventRounds "9"]
[EventCountry "TUR"]
[SourceTitle "CBM 187 Extra"]
[Source "ChessBase"]
[SourceDate "2018.11.04"]
[SourceVersion "1"]
[SourceVersionDate "2018.11.04"]
[SourceQuality "1"]

1. d4 d5 2. Bf4 Nf6 3. Nf3 c5 4. c3 g6 5. e3 Bg7 6. h3 0-0 7. Be2 b6 8. 0-0 Bb7 9. Nbd2 Nfd7 10. Rc1 Nc6 11. c4 dxc4 12. Nxc4 cxd4 13. Nxd4 Nxd4 14. exd4 Nf6 15. Be5 Bh6 16. Ne3 Nd5 17. Nxd5 Bxc1 18. Nc7 Bh6 19. Nxa8 Qxa8 20. Bf3 Bxf3 21. Qxf3 Qxf3 22. gxf3 f6 23. Bg3 Rc8 24. d5 Bf8 25. Bf4 Rc2 26. Rc1 Rxb2 27. Rc8 Kf7 28. Rc7 Rxa2 29. d6 Ra1+ 30. Kg2 a5 31. Be3 Ke6 32. d7 Rd1 33. Rc8 Kxd7 34. Rxf8 Rb1 35. Rb8 Kc6 36. Rc8+ Kd6 37. Ra8 Rb4 38. Bxb6 Rxb6 39. Rxa5 Rb4 40. Ra6+ Ke5 41. Ra7 Ke6 42. Ra8 h5 43. Ra6+ Kf5 44. Ra5+ e5 45. Rc5 Kg5 46. Ra5 Kh4 47. Ra6 Rf4 48. Rb6 Rf5 49. Rb4+ Rf4 50. Rb6 Kg5 51. Rb5 Ra4 52. Rc5 Rb4 53. Ra5 Rc4 54. Rb5 Ra4 55. Rc5 Kf5 56. Rb5 Rc4 57. Ra5 Rb4 58. Rc5 Ra4 59. Rb5 g5 60. Rb6 Rc4 61. Ra6 Rb4 62. Rc6 Ra4 63. Rb6 h4 64. Rc6 Rb4 65. Ra6 Rc4 66. Rb6 Ra4 67. Rc6 Rf4 68. Rc5 Rd4 69. Rc6 Rf4 70. Rc5 Ke6 71. Ra5 Kf7 72. Ra7+ Kg6 73. Ra6 e4 74. fxe4 Rxe4 75. Rb6 Rf4 76. Ra6 Kh5 77. Ra5 Kh6 78. Ra6 Kg6 79. Rb6 g4 80. hxg4 Rxg4+ 81. Kh3 Rf4 82. Rb5 f5 83. Rb8 Kg5 84. Rg8+ Kf6 85. Ra8 Rxf2 86. Kxh4 Rg2 87. Ra6+ Ke5 88. Ra5+ Ke4 89. Ra4+ Kf3 90. Ra3+ Kf2 91. Ra2+ Kg1 92. Rxg2+ Kxg2 93. Kg5 f4 94. Kxf4 1/2-1/2

[Event "Cubuk op 3rd"]
[Site "Cubuk"]
[Date "2017.08.22"]
[Round "6"]
[White "Yavuz, Efe Metehan"]
[Black "Nuri, Murad Kamil Oglu"]
[Result "0-1"]
[WhiteElo "1688"]
[BlackElo "2307"]
[PlyCount "60"]
[EventDate "2017.08.19"]
[EventType "swiss"]
[EventRounds "9"]
[EventCountry "TUR"]
[SourceTitle "CBM 180 Extra"]
[Source "ChessBase"]
[SourceDate "2017.10.06"]
[SourceVersion "1"]
[SourceVersionDate "2017.10.06"]
[SourceQuality "1"]

1. e4 c5 2. Nf3 a6 3. c4 e6 4. Nc3 Qc7 5. d3 d6 6. Be2 Nf6 7. 0-0 Nc6 8. Be3 Ng4 9. Nd2 Nxe3 10. fxe3 g6 11. Nb3 Bh6 12. Rf3 0-0 13. d4 b6 14. d5 Ne5 15. Rh3 Bg5 16. Rg3 Bh4 17. Rh3 Qd8 18. Rf3 Nxf3+ 19. Bxf3 Ra7 20. Qd3 Bf6 21. Nc1 exd5 22. exd5 Re8 23. N1e2 Rae7 24. e4 b5 25. cxb5 axb5 26. Nxb5 Ba6 27. Nec3 Bxc3 28. bxc3 c4 29. Qxc4 Qb6+ 30. Qd4 Qxb5 0-1

[Event "Istanbul op"]
[Site "Istanbul"]
[Date "2016.09.01"]
[Round "5"]
[White "Ozveren, Ali Bulent"]
[Black "Nuri, Murad Kamil Oglu"]
[Result "0-1"]
[WhiteElo "1911"]
[BlackElo "2296"]
[PlyCount "55"]
[EventDate "2016.08.29"]
[EventType "swiss"]
[EventRounds "9"]
[EventCountry "TUR"]
[SourceTitle "CBM 174 Extra"]
[Source "ChessBase"]
[SourceDate "2016.10.10"]
[SourceVersion "1"]
[SourceVersionDate "2016.10.10"]
[SourceQuality "1"]

1. Nf3 d6 2. d4 Bg4 3. Nbd2 Nf6 4. h3 Bh5 5. e3 Nbd7 6. Be2 c6 7. 0-0 e5 8. Bd3 Be7 9. c3 0-0 10. Qc2 Re8 11. Ng5 h6 12. Nge4 Nxe4 13. Nxe4 Bg6 14. Ng3 Bxd3 15. Qxd3 a5 16. Nf5 e4 17. Qe2 Nf6 18. f3 Bf8 19. fxe4 Nxe4 20. Qf3 Re6 21. g4 Rf6 22. Qg2 g6 23. Ng3 Rxf1+ 24. Kxf1 Qf6+ 25. Ke2 Re8 26. Nxe4 Rxe4 27. Bd2 c5 28. Kd1 0-1

[Event "Poti Aleksandria Cup 11th"]
[Site "Poti"]
[Date "2016.07.19"]
[Round "8"]
[White "Chigladze, Iveri"]
[Black "Nuri, Murad Kamil Oglu"]
[Result "1-0"]
[WhiteElo "2342"]
[BlackElo "2296"]
[PlyCount "73"]
[EventDate "2016.07.13"]
[EventType "swiss"]
[EventRounds "9"]
[EventCountry "GEO"]
[SourceTitle "CBM 173 Extra"]
[Source "ChessBase"]
[SourceDate "2016.08.29"]
[SourceVersion "1"]
[SourceVersionDate "2016.08.29"]
[SourceQuality "1"]

1. d4 d5 2. c4 dxc4 3. Nf3 Nf6 4. e3 Bg4 5. Bxc4 e6 6. h3 Bh5 7. Nc3 Nc6 8. Bb5 Bd6 9. e4 Bb4 10. Qa4 0-0 11. Bxc6 Bxc3+ 12. bxc3 bxc6 13. Qxc6 Rb8 14. Ba3 Re8 15. Nd2 Bg6 16. f3 e5 17. d5 Nxe4 18. fxe4 Qg5 19. Qc4 Qg3+ 20. Kd1 f5 21. Rf1 fxe4 22. d6+ Kh8 23. dxc7 Rbc8 24. Bd6 Bh5+ 25. Kc1 e3 26. Ne4 Qxg2 27. Re1 e2 28. Kb2 Bf3 29. Nd2 e4 30. Qd4 Qxh3 31. Be5 Qh6 32. Nc4 Qg6 33. Rg1 Bg4 34. Bxg7+ Kg8 35. Be5 h5 36. Rae1 Kh7 37. Rxe2 1-0